| 000 | 00963nam a2200277Ia 4500 | ||
|---|---|---|---|
| 001 | 56025 | ||
| 003 | 126995 | ||
| 005 | 20260211121232.0 | ||
| 008 | ||||||n9999 ||| || || | ||
| 041 | _aspa | ||
| 100 |
_aGutierrez Lievano, Gladys _957316 |
||
| 245 | 0 | _aMetodologia para la aplicacion del analisis ocupacional en el sector central a nivel nacional de la administracion publica | |
| 260 |
_aBogotá : _bEscuela Superior de Administración Pública - ESAP, _c1996. |
||
| 300 | _a66h | ||
| 500 | _aTesis | ||
| 562 | _e1 | ||
| 650 | 0 |
_aAdministración de personal _91276 |
|
| 650 | 0 |
_aAnálisis de contenido _910788 |
|
| 650 | 0 |
_aAnálisis ocupacional _96719 |
|
| 650 |
_aCOLOMBIA _977331 |
||
| 650 |
_aDESCRIPCION DE CARGOS _911865 |
||
| 650 |
_aESPECIALIZACIÓN EN GESTIÓN PÚBLICA--TESIS Y DISERTACIONES ACADÉMICAS _911969 |
||
| 650 |
_aSISTEMAS DE PERSONAL _910527 |
||
| 650 | 0 |
_aTesis y disertaciones académicas _93 |
|
| 942 | _cTESIS | ||
| 999 |
_c56025 _d56025 |
||